LIBRARY & INFORMATION CENTRE, KCAET, TAVANUR

ONLINE PUBLIC ACCESS CATALOGUE (OPAC)

Optimization of fertigation level and depth of lateral under subsurface drip irrigation for amaranthus (Record no. 15083)

MARC details
000 -LEADER
fixed length control field 00777nam a22001817a 4500
003 - CONTROL NUMBER IDENTIFIER
control field OSt
088 ## - REPORT NUMBER
Report number P 263
100 ## - MAIN ENTRY--AUTHOR NAME
Personal name JEENA JOSEPH
-- SARIGA S
245 ## - TITLE STATEMENT
Title Optimization of fertigation level and depth of lateral under subsurface drip irrigation for amaranthus
260 ## - PUBLICATION, DISTRIBUTION, ETC. (IMPRINT)
Place of publication Tavanur 2013
Name of publisher Department of Land & Water Resources and Conservation Engineering
300 ## - PHYSICAL DESCRIPTION
Number of Pages 74
500 ## - GENERAL NOTE
General note Optimization of fertigation level and depth of lateral under subsurface drip irrigation for amaranthus
520 ## - SUMMARY, ETC.
Summary, etc under plastic mulching and work out the cost economic of the drip system for amarnath.
700 ## - ADDED ENTRY--PERSONAL NAME
Personal name Er. Priya G. Nair (Guide)
856 ## - ELECTRONIC LOCATION AND ACCESS
Uniform Resource Identifier https://drive.google.com/open?id=1tdGaobUi6Qjwqa_75IAsbyb4ezEzTe6i
942 ## - ADDED ENTRY ELEMENTS (KOHA)
Koha item type Project Report
Holdings
Collection code Home library Current library Shelving location Full call number Accession Number Koha item type
Reference KAUAET KAUAET Reference 631.75807 JEE/OP P 263 Project Report
free website counter